00657nam a2200181 a 450000100100000000500170001000800410002704000250006808200080009310000270010124000370012824500810016526000420024630000280028870000340031695201080035099900170045800003980720201002033739.0130722s1961 sp a 000 0 spa d aDO-SdBNPbspacBNPHU axxx1 aSchneider, Wolf96600310aÜberall ist Babylonlespañol14aLas ciudades y sus hombres /cWolf Schneider ; traducción Juan Godo Costa. aBarcelona, España :bNoguer,c1961. a526 p. :bil. ;c23 cm.1 aGodo Costa, Juan,etr.951396 001050718MOaGRbGRcCTd2013-07-22iLF1l0oxxx p39807-10r2020-06-25w2020-06-25y1ZNo se presta c39297d39297